000 00575nam a2200253Ia 4500
005 20260306154822.0
008 008 260114s9999 xx 000 0 eng d
020 _a9780511692857
037 _aEBOOK
040 _aCRL
040 _beng
040 _cCRL
041 _2eng
041 _aeng
084 _qCRL
100 _aDrummond
245 4 _aThe Ascent of Man
260 _bCambridge University Press
260 _c2010
650 _a Philosophy
856 _uhttps://doi.org/10.1017/CBO9780511692857
942 _cEBOOK
999 _c1709137
_d1709137